MDQL
is popping MORE tags! Check the
thread
!
Quizzes
Events
Quiz Creation
Community
Videos
Private Events
Remove Ads
Sign In
Join for FREE
Feedback
Dark Mode
Quiz Categories
Sports
Geography
Music
Movies
Television
Just For Fun
Miscellaneous
History
Literature
Language
Science
Gaming
Entertainment
Religion
Holiday
For Kids
Quiz Lab
Recent
Popular Today
Quiz Kudos Today
Editor Picks
Curator Picks
Quizzes by...
Day
Popularity
Type
Ratings
Length
Year
Community
Subscriptions
Recent Discussions
Orange Saloon
Badges
Playlists
Quests
Create
Leaderboards
Showdown
Live 5
Trivia Bingo
Activity
Puzzle Library
Sporcle Events
Private Events
Virtual Trivia
Globe League
Become a Host
Pub Owners
SporcleCon
Opinionation
Our Games
Videos
Blog
Mobile Apps
Partnerships
Remove Ads and Go Orange
Feedback
Sports
Athletes
MLB
NBA
NHL
NFL
Soccer
Sports Teams
WWE
NCAA
Football
Premier League
Basketball
Baseball
Hockey
Golf
Tennis
Cricket
Rugby
Auto Racing
Olympics
World Cup
Sports
Athletes
MLB
NBA
NHL
NFL
Soccer
Sports Teams
WWE
NCAA
Football
Premier League
Basketball
Baseball
Hockey
Golf
Tennis
Cricket
Rugby
Auto Racing
Olympics
World Cup
Random Quiz
Search Sporcle
×
Quiz Lab
Quiz Lab
Sports
BCS Bowl
Type in answers that appear in a list
Type in answers that appear in a list
Classic
Best Score? Go Orange.
Oregon Bowl Game Opponents Stats
Can you name the opponents of the Oregon Ducks football team in each bowl game?
By
poprox101
7m
32 Questions
187 Plays
187 Plays
187 Plays
Comments
Comments
Give Quiz Kudos
Give Quiz Kudos
-
- Ratings
hide this ad
Replay
Link that replays current quiz
Next Quiz
Link to next quiz in quiz playlist
You Got
0%
They Got
Avg Score
69%
Avg Friend Score
Upgrade to see
Score Distribution
Jump to the score distribution portion of the page
Score
0/32
Timer
07:00
0
Plays Today
Year/Bowl/Rank
School
% Correct
2015 College Football Championship (3)
(5) Ohio State
100%
2010 Rose Bowl (7)
(8) Ohio State
100%
1958 Rose Bowl (15)
(2) Ohio State
100%
2015 Rose Bowl (3)
(2) Florida State
95.7%
2018 Redbox Bowl
Michigan State
95.6%
2016 Alamo Bowl (15)
(11) TCU
93.6%
2013 Alamo Bowl (10)
Texas
92.5%
2000 Holiday Bowl (8)
(12) Texas
92.5%
2011 BCS Championship (2)
(1) Auburn
92%
2012 Rose Bowl (6)
(9) Wisconsin
91.4%
2017 Las Vegas Bowl
(25) Boise State
88.9%
2013 Fiesta Bowl (5)
(7) Kansas State
82.9%
2005 Holiday Bowl (6)
Oklahoma
79.1%
1917 Rose Bowl
Pennsylvania
79.1%
1995 Rose Bowl (12)
(2) Penn State
75.9%
1960 Liberty Bowl (19)
(15) Penn State
75.9%
Year/Bowl/Rank
School
% Correct
2002 Fiesta Bowl (2)
(3) Colorado
73.8%
1998 Aloha Classic (21)
(24) Colorado
73.8%
1996 Cotton Bowl (12)
(7) Colorado
73.8%
2008 Holiday Bowl (15)
(13) Oklahoma State
72.7%
2006 Las Vegas Bowl
(19) BYU
66.8%
2003 Sun Bowl
(24) Minnesota
64.2%
1999 Sun Bowl (25)
(12) Minnesota
64.2%
2002 Seattle Bowl
Wake Forest
50.3%
1992 Independence Bowl
(25) Wake Forest
50.3%
2007 Sun Bowl
(23) USF
45.5%
1990 Freedom Bowl (20)
Colorado State
42.8%
1963 Sun Bowl
SMU
42.8%
1949 Cotton Bowl (10)
(8) SMU
42.8%
1997 Las Vegas Bowl
(23) Air Force
38%
1920 Rose Bowl
Harvard
33.7%
1989 Independence Bowl (23)
Tulsa
30.5%
Quiz Playlist
Details
Report
Send in Message
Add To Playlist
Classic:
Type in answers that appear in a list
Quiz Source
Last Updated: Aug 9, 2019
Quiz Scoreboard
CHALLENGE
Sign Up to Join the Scoreboard
Show All
Scores
Hide
Comments
May contain spoilers
Recently Published
1-10 Letter E Words III
by El_Dandy
Language
2m
Street Fighter Characters
by Artimus82
Gaming
60s
College Basketball Coaching Resumes
by pancakes188
Sports
9m
More to Explore
Quiz From the Vault
Featured Blog Post
Where Did the Easter Bunny Come From?
hide this ad
You Might Also Like...
Tags
BCS Bowl
Bowl
Bowl-Winning
Bowl Champions
Bowl Championship
Bowl Games
College Football
FBS
Oregon Ducks
Today's Top Quizzes in Sports
Browse Sports
hide this ad
Today's Top Quizzes in BCS Bowl
Browse BCS Bowl
Top Contributed Quizzes in Sports
1
2022 World Cup Stars
2
Les meilleurs buteurs des matchs entre le PSG et l’OM
3
FIFA Club World Cup Champions
4
Les entraîneurs de l'OM et du PSG au 21e siècle
5
Criteria MLB: Left Handed Sluggers
6
2023 MLB Unique Player Accomplishments
7
AFC Teams Reveal (Wrong Answers Minefield)
8
Players with Multiple 50 Home Run Seasons
9
5-to-1: FBS Animal Nicknames
10
5-to-1: UK Sports Teams
Explore More
Trending Topics
Anime
NBA
Harry Potter
Kpop
Disney
Marvel
Crossword
Pokémon
Soccer
WWE
The Office
NFL
Song
Puzzle
Country
hide this ad
More By:
poprox101
Quiz
Plays
Rating
Category
Featured
Created
Political Parties By 1% Popular Vote
33,113
4.41
History
Mar 9, 2011
Countries by Military Operation
25,000
4.29
History
Jun 4, 2011
Unusual National Flags
3,439
4.00
Geography
Jun 18, 2010
All IndyCar Series Tracks (1979-Present)
2,154
5.00
Sports
Apr 30, 2015
Largest Refugee Hosts and Sources
1,740
4.44
Geography
Jul 19, 2010
Go to Creator's Profile
Score Distribution
Quiz Creator Spotlight
poprox101
Follow
Send a Message
Quizzes Created
-
Created Quiz Play Count
-
More By This Creator
Popular Quizzes Today
1
Find the US States - No Outlines Minefield
2
Find the Countries of Europe - No Outlines Minefield
3
The Countries of the World
4
Find the US States
5
Risky Map Clicking: Biggest States A-Z
6
US States
7
Popular People in 1961
8
Movies - When Are They Set?
More Sports Quizzes
Pixel Art - MLB Team IX
Published
Trending Quizzes
Risky Map Clicking: Least Populous States A-Z
Billboard Blitz: Aretha Franklin
Famous Russians: Author or Composer?
Countries of the World: 200 Million BC
1-10 Letter G Words
Recently Updated
Leaping Animals
pecheneg
Reality TV Shows (A-Z)
bhenderson79
Rickey Henderson's Hall of Fame Teammates
pecheneg
Champions League XIs: Arsenal
pecheneg
Quick Pick: Celebrities in WWE's Hall of Fame
aduchscher
A-Z Keypad Blitz II
pecheneg
Multiple Oscar Actors
pecheneg
Mystery Phrase Blitz: Oscar 'Best Actors'
pecheneg
F. Scott Fitzgerald Novels
LTH
Pick 3 Villains
ddd62291
Trending Topics
Anime
Disney
Marvel
Harry Potter
Crossword
Kpop
NBA
NFL
Soccer
Country
Song
Pokémon
The Office
WWE
Puzzle
Your Account Isn't Verified!
In order to create a playlist on Sporcle, you need to verify the email address you used during registration. Go to your
Sporcle Settings
to finish the process.
Report this User
Report this user for behavior that violates our
Community Guidelines
.
Details:
Send Report
Go to the Sporcle.com Mobile Site →
Comments